Manual de fotografía popular
שמור ב:
| מחבר ראשי: | |
|---|---|
| פורמט: | ספר |
| שפה: | Spanish |
| יצא לאור: |
Lima, PE
Tarea. Asociación de Publicaciones Educativas
1987
|
| סדרה: | Materiales para la educación popular
|
| נושאים: | |
| תגים: |
הוספת תג
אין תגיות, היה/י הראשונ/ה לתייג את הרשומה!
|
MARC
| LEADER | 00000nam a22000007a 4500 | ||
|---|---|---|---|
| 003 | cru CIDCACS/IIS | ||
| 005 | 20200925161228.0 | ||
| 008 | 170224b1987 pe oa||| |||| |0| ||spa d | ||
| 040 | |c CRAI/IIS |a CRAI/IIS | ||
| 090 | |a 00.00.00 F000m | ||
| 100 | 1 | |9 3140 |a Faucher, Francisco | |
| 245 | 1 | 0 | |a Manual de fotografía popular |c Francisco Faucher |
| 260 | |a Lima, PE |b Tarea. Asociación de Publicaciones Educativas |c 1987 | ||
| 300 | |a 89 páginas | ||
| 440 | |9 3141 |a Materiales para la educación popular | ||
| 500 | |a Colección Alforja | ||
| 650 | 1 | 0 | |9 3142 |a FOTOGRAFIA |
| 650 | 1 | 0 | |9 294 |a MANUALES |
| 650 | 1 | 0 | |9 296 |a TECNICAS DE LA IMAGEN |
| 650 | 1 | 0 | |9 291 |a EDUCACION POPULAR |
| 942 | |2 ddc |c LI | ||
| 999 | |c 18941 |d 18941 | ||
